000 00300nam a2200121Ia 4500
008 240624s9999 xx 000 0 und d
041 _aeng
082 _a900 GUH
100 _aGUHA RANAJIT
245 _aSUBALTERN STUDIES III
260 _c2007
_aNew Delhi
_bOxford
300 _ax, : 327 : p. : cm. ; 21
999 _c21555
_d21555